Second-order change in psychotherapy : the golden thread that unifies effective treatments
Saved in:
| Main Author: | |
|---|---|
| Corporate Author: | |
| Other Authors: | |
| Format: | Book |
| Language: | English |
| Published: |
Washington, DC ; London :
American Psychological Association,
[c2007]
|
| Subjects: | |
| Tags: |
Add Tag
No Tags, Be the first to tag this record!
|
MARC
| LEADER | 00000nam a2200000 i 4500 | ||
|---|---|---|---|
| 001 | 1/50812 | ||
| 008 | 070806s2007 eng d | ||
| 020 | |a 978-1-59147-436-4 | ||
| 020 | |a 1-59147-436-1 | ||
| 035 | |l 10089554 | ||
| 040 | |a GR-MY-UA |b gre |e aacr | ||
| 041 | 0 | |a eng | |
| 082 | 0 | |a 616.8914 |2 (22) | |
| 100 | 1 | |a Fraser, J. Scott. | |
| 245 | 1 | 0 | |a Second-order change in psychotherapy : |b the golden thread that unifies effective treatments / |c J. Scott Fraser, Andrew D. Solovey |
| 260 | |a Washington, DC ; London : |b American Psychological Association, |c [c2007] | ||
| 300 | |a ix, 320 σ.; |c 27 εκ. | ||
| 504 | |a Περιλαμβάνει βιβλιογραφίες και ευρετήριο | ||
| 650 | 0 | 0 | |a Psychotherapy |x Methods. |
| 650 | 0 | 0 | |a Change (Psychology) |
| 650 | 0 | 0 | |a Psychotherapeutic Processes. |
| 650 | 0 | 0 | |a Models, Psychological. |
| 700 | 1 | |a Solovey, Andrew D. | |
| 710 | 2 | |a American Psychological Association. | |
| 852 | |a INST |b RHODES |e 20070806 |h 616.8914 FRA |p 005400025975 |q 005400025975 |t BK |y 0 | ||
| 901 | |a BIBL4-2007-2 | ||
| 909 | |a Ρ |b 135488 | ||
| 922 | |a 4ΕΛΗ |b 200706 |c ΕΠΕΑΕΚ2/ΤΕΠΑΕΣ |d Σ. ΠΑΤΑΚΗΣ | ||
| 970 | |a ΜΙΣΣΟΣ |b ΣΤΑΥΡΟΣ |z 2007/08/06 | ||